LDR 00718naa#a2200181#i#450# 001 EN\\bibl\121574 005 20260601101520.1 011 ## _a1998-6785 100 ## _a20221221b2022####ek#y0engy0150####ca 102 ## _aRU 200 1# _aTeenage and youth audience of the educational segment of the Russian-speaking YouTube: touches to the portrait _eJournal article 210 1# _aVladivostok _cVladivostok State University _d2022 215 ## _a8 с. 608 ## _aJournal article _2local 675 ## _aОрганизационные формы самообразования и получения образования в группах. 374.1 _z 700 #1 _aPopova _gDaria A. 700 #1 _aGoryachenko _gEkaterina A. 856 4# _aojkum.editorum.ru _u